[Event "Lagan Spring IM"]
[Site "Lagan"]
[Date "2019.04.02"]
[Round "4"]
[White "Strebkovs, Andrejs"]
[Black "Pilavov, Georgy"]
[Result "0-1"]
[WhiteElo "2262"]
[BlackElo "2611"]
[PlyCount "88"]
[EventDate "2019.04.01"]
[EventType "tourn"]
[EventRounds "9"]
[EventCountry "RUS"]
[EventCategory "2"]
[SourceTitle "CBM 189 Extra"]
[Source "ChessBase"]
[SourceDate "2019.06.03"]
[SourceVersion "1"]
[SourceVersionDate "2019.06.03"]
[SourceQuality "1"]

1. Nf3 d5 2. g3 g6 3. Bg2 Bg7 4. 0-0 e5 5. d3 Nc6 6. e4 dxe4 7. dxe4 Qxd1 8. Rxd1 Bg4 9. c3 Nf6 10. h3 Be6 11. Ng5 Bd7 12. Nd2 h6 13. Ngf3 a5 14. Bf1 0-0-0 15. Bc4 Bxh3 16. Bxf7 g5 17. Re1 Rhf8 18. Bc4 Ng4 19. Bf1 Bxf1 20. Kxf1 Rf7 21. Kg2 Bf8 22. Nf1 Bc5 23. Be3 Nxe3+ 24. Nxe3 Bxe3 25. Rxe3 g4 26. Ng1 a4 27. Rae1 Na5 28. R3e2 Rd3 29. Rc2 Nc4 30. Ree2 b5 31. Re1 Rfd7 32. Ree2 a3 33. b3 Nd2 34. Rc1 Nf3 35. Rec2 Ng5 36. Re2 Rd2 37. Rc2 Rxe2 38. Rxe2 Rd3 39. Rc2 Kd7 40. Kf1 Nxe4 41. Re2 Nxc3 42. Rxe5 Nxa2 43. Rxb5 Rd1+ 44. Kg2 Nc3 0-1

[Event "Cherkessk Habez"]
[Site "Cherkessk"]
[Date "2014.07.14"]
[Round "4"]
[White "Pilavov, Georgy"]
[Black "Akbaev, Kazbek"]
[Result "1/2-1/2"]
[WhiteElo "2605"]
[BlackElo "2470"]
[PlyCount "38"]
[EventDate "2014.07.11"]
[EventType "tourn"]
[EventRounds "9"]
[EventCountry "RUS"]
[EventCategory "7"]
[SourceTitle "CBM 161 Extra"]
[Source "ChessBase"]
[SourceDate "2014.08.29"]
[SourceVersion "1"]
[SourceVersionDate "2014.08.29"]
[SourceQuality "1"]

1. e4 e5 2. Nf3 d6 3. Bc4 Be6 4. Bxe6 fxe6 5. d4 exd4 6. Nxd4 Qd7 7. 0-0 Nf6 8. Nc3 Nc6 9. Be3 Be7 10. Qe2 0-0 11. Rad1 Nxd4 12. Bxd4 Qc6 13. e5 dxe5 14. Qxe5 Rad8 15. Rfe1 Bb4 16. h3 Bxc3 17. Bxc3 Rd5 18. Qe3 Rxd1 19. Rxd1 Nd5 1/2-1/2

[Event "Elista"]
[Site "Elista"]
[Date "2014.02.??"]
[Round "4"]
[White "Gutsko, Nikolai"]
[Black "Pilavov, Georgy"]
[Result "0-1"]
[WhiteElo "2206"]
[BlackElo "2604"]
[PlyCount "54"]
[EventDate "2014.02.??"]
[EventType "tourn"]
[EventRounds "10"]
[EventCountry "RUS"]
[SourceTitle "EXT 2016"]
[Source "ChessBase"]
[SourceDate "2015.10.08"]
[SourceVersion "1"]
[SourceVersionDate "2015.10.08"]
[SourceQuality "1"]

1. g3 d5 2. Bg2 e5 3. d3 Nf6 4. Nf3 Bd6 5. c4 dxc4 6. Qa4+ Nc6 7. Qxc4 0-0 8. 0-0 Bg4 9. Nc3 Qd7 10. Rd1 Rab8 11. Be3 b5 12. Qb3 Bxf3 13. Bxf3 Nd4 14. Bxd4 exd4 15. Ne4 Nxe4 16. Bxe4 c5 17. Qc2 f5 18. Bf3 f4 19. a4 b4 20. Rac1 fxg3 21. hxg3 Rbe8 22. Qc4+ Kh8 23. Qb5 Qf7 24. Qc6 Rxe2 25. Qxd6 Qxf3 26. Rf1 a5 27. Qxc5 Re6 0-1

[Event "Komsomolsky Rating op"]
[Site "Komsomolsky"]
[Date "2011.10.02"]
[Round "5"]
[White "Pilavov, Georgy"]
[Black "Gusev, Alex"]
[Result "1-0"]
[WhiteElo "2621"]
[BlackElo "2030"]
[PlyCount "105"]
[EventDate "2011.09.30"]
[EventType "swiss"]
[EventRounds "7"]
[EventCountry "RUS"]
[SourceTitle "EXT 2023"]
[Source "ChessBase"]
[SourceDate "2022.10.05"]
[SourceVersion "1"]
[SourceVersionDate "2022.10.05"]
[SourceQuality "1"]

1. Nc3 Nc6 2. Nf3 e5 3. d4 exd4 4. Nxd4 Bb4 5. Nxc6 bxc6 6. Qd4 Bxc3+ 7. Qxc3 Qf6 8. Bd2 d5 9. 0-0-0 Qxc3 10. Bxc3 Nf6 11. Be5 Ne4 12. Bxg7 Rg8 13. Bd4 c5 14. Be3 d4 15. f3 dxe3 16. fxe4 Bb7 17. Rd3 Bxe4 18. Rxe3 f5 19. Rg1 0-0-0 20. g3 Rd6 21. Bg2 Bxg2 22. Rxg2 f4 23. Rf3 fxg3 24. Rgxg3 Rgd8 25. Rd3 Rf8 26. Rh3 Rf7 27. Rh5 Re6 28. Rf3 Rd7 29. Rd3 Rg7 30. Kd2 c4 31. Rg3 Rd7+ 32. Ke1 Rde7 33. e3 Ra6 34. Kd2 Rxa2 35. Kc3 Kd8 36. Rd5+ Ke8 37. Rh3 c6 38. Rc5 Rb7 39. Rxc4 Rbxb2 40. Kd2 Rb7 41. Rxc6 Rd7+ 42. Ke2 Rg7 43. Rg3 Rxg3 44. hxg3 Kd7 45. Rh6 Rxc2+ 46. Kf3 a5 47. Rxh7+ Ke6 48. Ra7 Rc5 49. g4 Kf6 50. Kf4 Rc4+ 51. e4 a4 52. Ra6+ Kg7 53. Kf5 1-0

[Event "Elista Dordzhiev Memorial"]
[Site "Elista"]
[Date "2011.04.26"]
[Round "5"]
[White "Gevorgyan, David"]
[Black "Pilavov, Georgy"]
[Result "1/2-1/2"]
[WhiteElo "2319"]
[BlackElo "2619"]
[PlyCount "26"]
[EventDate "2011.04.24"]
[EventType "tourn"]
[EventRounds "9"]
[EventCountry "RUS"]
[EventCategory "7"]
[SourceTitle "EXT 2012"]
[Source "ChessBase"]
[SourceDate "2011.11.24"]
[SourceVersion "1"]
[SourceVersionDate "2011.11.24"]
[SourceQuality "1"]

1. d4 e6 2. c4 b6 3. Nc3 Bb4 4. e4 Bb7 5. Bd3 f5 6. Qe2 Nf6 7. Bg5 fxe4 8. Bxe4 Bxe4 9. Bxf6 Qxf6 10. Qxe4 Bxc3+ 11. bxc3 Nc6 12. Nf3 0-0 13. 0-0 Qf5 1/2-1/2

[Event "Elista Dordzhiev Memorial"]
[Site "Elista"]
[Date "2011.04.26"]
[Round "7"]
[White "Pilavov, Georgy"]
[Black "Gutsko, Nikolai"]
[Result "1-0"]
[WhiteElo "2619"]
[BlackElo "2268"]
[PlyCount "45"]
[EventDate "2011.04.24"]
[EventType "tourn"]
[EventRounds "9"]
[EventCountry "RUS"]
[EventCategory "7"]
[SourceTitle "EXT 2012"]
[Source "ChessBase"]
[SourceDate "2011.11.24"]
[SourceVersion "1"]
[SourceVersionDate "2011.11.24"]
[SourceQuality "1"]

1. d4 Nf6 2. Bg5 Ne4 3. h4 h6 4. Bf4 d5 5. Nd2 e6 6. Nxe4 dxe4 7. e3 Bd6 8. Qg4 g6 9. Bxd6 Qxd6 10. 0-0-0 Qd5 11. Kb1 Nc6 12. Ne2 e5 13. Qg3 Be6 14. Nc3 Qa5 15. d5 0-0-0 16. Bc4 b5 17. dxe6 bxc4 18. exf7 Ne7 19. Qg4+ Kb8 20. Rxd8+ Rxd8 21. Rd1 c6 22. Qd7 Rxd7 23. Rxd7 1-0

[Event "Troitskoje op"]
[Site "Troitskoje"]
[Date "2010.09.??"]
[Round "1"]
[White "Pilavov, Georgy"]
[Black "Guchaev, Alexander"]
[Result "1-0"]
[WhiteElo "2616"]
[BlackElo "1702"]
[PlyCount "71"]
[EventDate "2010.09.09"]
[EventType "swiss"]
[EventRounds "7"]
[EventCountry "RUS"]
[SourceTitle "EXT 2023"]
[Source "ChessBase"]
[SourceDate "2022.10.05"]
[SourceVersion "1"]
[SourceVersionDate "2022.10.05"]
[SourceQuality "1"]

1. e4 e5 2. Nf3 Nf6 3. d4 Nxe4 4. dxe5 d5 5. Nbd2 Be7 6. Nxe4 dxe4 7. Qxd8+ Bxd8 8. Nd4 0-0 9. Bc4 c5 10. Nb5 Nc6 11. Bf4 Nd4 12. 0-0-0 Be6 13. Bxe6 Ne2+ 14. Kb1 Nxf4 15. Bd5 Re8 16. Bxe4 Rxe5 17. Bxb7 Rb8 18. Bf3 Bf6 19. Nxa7 Re7 20. Nb5 g5 21. c4 h5 22. g3 Nh3 23. Rd2 g4 24. Bd5 Rbe8 25. Nd6 Re1+ 26. Rxe1 Rxe1+ 27. Kc2 Bg5 28. Rd1 Re2+ 29. Kb3 Nxf2 30. Rb1 Nd3 31. Bxf7+ Kg7 32. Bxh5 Bf6 33. Ne8+ Kh6 34. Nxf6 Kg5 35. Bxg4 Rxh2 36. Rf1 1-0